000 00259 a2200097 4500
082 _a624.162 KUM
100 _aKumar,Sushil
245 _aTreasure of R.C.C Design /
_cSushil Kumar
260 _aDelhi:
_cStandard Book House,
_b1999
300 _a1284p. :
_bill . ;
_c20 cm
650 _aRCC design
999 _c1170
_d1170